000 00645nam a2200205Ia 4500
001 64690
003 OSt
005 20160419114053.0
008 150204s9999 xx 000 0 und d
020 _aNA
040 _cPK-LaUMT
082 _a 954.035
_bQAZ-T
100 _aQazi Muhammad Adeel Abbasi
245 _a(تاریخ خلافت)Tareek-e-khilafat (Urdu)
_c(قاضی محمد عدیل عباسی)Qazi Muhammad Adeel Abbasi
260 _a(لاہور،پاکستان)Lahore,Pakistan:
_b(جمہوری پبلیکیشنز)Jumhoori Publications,
_c2009
300 _a317 p.
546 _aUR
650 _aTareek-e-Khalafat
942 _cBK
_2ddc
999 _c65836
_d65836